书目信息 |
| 题名: |
集成电路彩色电视机的电路分析与故障处理
|
|
| 作者: | 杨尔济 编著 | |
| 分册: | ||
| 出版信息: | 天津 天津大学出版社 1988.9 |
|
| 页数: | 207页 | |
| 开本: | 26cm | |
| 丛书名: | ||
| 单 册: | ||
| 中图分类: | TN949.12 | |
| 科图分类: | ||
| 主题词: | 彩色电视 | |
| 电子资源: | ||
| ISBN: | 7-5618-0040-1 | |
| 000 | 00668nam0 2200217 45 | |
| 001 | 0189026830 | |
| 005 | 20041221155420.6 | |
| 010 | @a7-5618-0040-1@dCNY5.45 | |
| 020 | @aCN@b89026830 | |
| 100 | @a19911017d1988 m y0chiy0120 ea | |
| 101 | 0 | @achi |
| 102 | @aCN@b120000 | |
| 105 | @ay z 000yy | |
| 200 | 10 | @a集成电路彩色电视机的电路分析与故障处理@Aji cheng dian lu cai se dian shi ji de dian lu fen xi yu gu zhang chu li@f杨尔济编著@Fyang er ji bian zhu |
| 210 | @a天津@c天津大学出版社@d1988.9 | |
| 215 | @a207页@d26cm | |
| 606 | 0 | @a彩色电视 |
| 690 | @aTN949.12@v3 | |
| 701 | 0 | @a杨尔济@4编著 |
| 801 | 0 | @aCN@bNLC@c19911017 |
| 905 | @dTN949.12@e118@f1@b237522 | |
| 集成电路彩色电视机的电路分析与故障处理/杨尔济编著.-天津:天津大学出版社,1988.9 |
| 207页;26cm |
| ISBN 7-5618-0040-1:CNY5.45 |
| ● |
| 相关链接 |
|
|
|
|
正题名:集成电路彩色电视机的电路分析与故障处理
索取号:TN949.12/118
 
预约/预借
| 序号 | 登录号 | 条形码 | 馆藏地/架位号 | 状态 | 备注 |
| 1 | 0237519 | 001326087 | 第三借阅区/ [索取号:TN949.12/118] | 在馆 | |
| 2 | 0237520 | 001651938 | 第三借阅区/ [索取号:TN949.12/118] | 在馆 | |
| 3 | 0237522 | 001977310 | 第三借阅区/ [索取号:TN949.12/118] | 在馆 | |
| 4 | 0237523 | 001326844 | 第二样本阅览室/ [索取号:TN949.12/118] | 在馆 |